Culture Générale - Série 2224 - Statistiques

Statistiques générales
  • Ce quiz a été pris 112 fois
  • Le résultat moyen est 4 sur 10
Statistiques - réponses
Question Réponse % Correct
Aux Etats Unis, quelle est la capitale d'Hawaï ? Honolulu
76%
Quel pays a participé à plus de finales de la Coupe du monde de football que n’importe quel autre pays ? Allemagne
75%
Au Canada, quel nom porte le cervidé renne ? caribou
68%
Aux Etats Unis, quelle est la capitale de la Californie ? Sacramento
67%
Avant de disparaître, sur quel île vivait le dodo ? vor photo Maurice
50%
Aux Etats Unis, quelle est la capitale du Nouveau-Mexique ? Santa Fe
34%
De quel animal le "blanchon" est-il le petit ? phoque
17%
Depuis sa création, en 1819, quel état des Etats Unis a eu quatre capitales différentes ? Alabama
12%
Qui a réalisé "Un drôle de paroissien" en 1963, avec Bourvil,Francis Blanche, Jean Poiret ? prénom et nom Jean-Pierre Mocky
12%
Dans le film "Ni vu, ni connu" dYves Robert, de 1958, quel est le surnom du braconnier interprété par Louis de Funès ? blaireau
5%
Aucun quiz correspondant
Distribution des résultats
% des personnes avec chaque résultat
Percentile par nombre de réponses
Votre historique - résultats
Vous n’avez pas pris ce quiz